000 00223nam a22001097a 4500
082 _a621.31244CAR
100 _aCaratti
245 _aPhotovoltaic power generation
260 _aLondon
_c1988
300 _aIRP
942 _cBK
999 _c14708
_d14708